Public enterprises survey: annual report on the working of industrial and commercial undertakings of the Central Government, 1987-88 (Record no. 508710)

000 -LEADER
fixed length control field 00617nam a22001697a 4500
005 - DATE AND TIME OF LATEST TRANSACTION
control field 20190409105838.0
008 - FIXED-LENGTH DATA ELEMENTS--GENERAL INFORMATION
fixed length control field 180809b ||||| |||| 00| 0 eng d
040 ## - CATALOGING SOURCE
Transcribing agency
082 ## - DEWEY DECIMAL CLASSIFICATION NUMBER
Classification number A45:U61 1987/2
100 ## - MAIN ENTRY--PERSONAL NAME
Personal name India. Ministry of Industry
9 (RLIN) 224
245 ## - TITLE STATEMENT
Title Public enterprises survey: annual report on the working of industrial and commercial undertakings of the Central Government, 1987-88
Remainder of title by Ministry of Industry
260 ## - PUBLICATION, DISTRIBUTION, ETC. (IMPRINT)
Place of publication, distribution, etc New Delhi
Name of publisher, distributor, etc Ministry of Programme Implementation
Date of publication, distribution, etc 1988
300 ## - PHYSICAL DESCRIPTION
Extent 285p.
440 ## - SERIES STATEMENT/ADDED ENTRY--TITLE
Volume number/sequential designation 2
9 (RLIN) 4179
500 ## - GENERAL NOTE
General note Library has 1975-76, 1987-88, 1988-89 and 1989-90
942 ## - ADDED ENTRY ELEMENTS (KOHA)
Source of classification or shelving scheme
Item type GG
Holdings
Withdrawn status Lost status Source of classification or shelving scheme Damaged status Koha normalized classification for sorting Not for loan Permanent location Current location Date acquired Full call number Barcode Date last seen Price effective from Koha item type
        A_45U61_1987_200000000000000   Indian Institute of Public Administration Indian Institute of Public Administration 2019-04-09 A45:U61 1987/2 GG33038 2019-04-09 2019-04-09 GG

Powered by Koha